Investovanie do akcií ropných spoločností bakalárska práca

Na minha lista:
Detalhes bibliográficos
Autor principal: Bizovský, František
Autor Corporativo: Národohospodárska fakulta EU. Katedra bankovníctva a medzinárodných financií
Outros Autores: Árendáš, Peter, 1986-
Formato: Livro
Idioma:eslovaco
Publicado em: Bratislava 2013
Tags: Adicionar Tag
Sem tags, seja o primeiro a adicionar uma tag!

MARC

LEADER 00000nbm a2200000 4500
001 0172425
005 20161109112051.1
041 0 |a slo 
044 |a SK 
245 1 0 |a Investovanie do akcií ropných spoločností  |b bakalárska práca  |c František Bizovský ; školiteľ: Peter Árendáš 
264 1 |a Bratislava  |c 2013 
300 |a 35 s. 
100 1 |a Bizovský, František 
700 1 |a Árendáš, Peter, 1986- 
710 2 |a Národohospodárska fakulta EU. Katedra bankovníctva a medzinárodných financií